| 000 | 00418cam a2200181ua 4500 | ||
|---|---|---|---|
| 001 | 3124 | ||
| 008 | 110929n ii |||gr||||Z||||||asm | ||
| 040 | _cMAIN | ||
| 082 | _a891.4513 | ||
| 100 | 1 | _aBhattachayya, Biren, | |
| 245 | 1 | 1 |
_aAai _cby Biren Bhattacharyya |
| 250 | _a2nd. | ||
| 260 |
_aGuahati: _bLawyers book stall,974. |
||
| 300 |
_a142p: _c23cm. |
||
| 653 | _aAssamese novel | ||
| 653 | _aAai | ||
| 942 | _cBK | ||
| 999 |
_c2970 _d2970 |
||